| 000 | 00398nam a2200133 a 4500 | ||
|---|---|---|---|
| 001 | 000033959 | ||
| 005 | 20200930070646.0 | ||
| 008 | 110915s1829 it 000 0 spa d | ||
| 040 |
_aDO-SdBNP _bspa _cBNPHU |
||
| 082 |
_axxxx _bA652 |
||
| 245 | 0 | 0 |
_aAppendice alla memoria se Cristoforo Colombo : _babbia studiato a Pavia. |
| 260 |
_aGenova, : _bDi Gaetano Schenone, _c1829. |
||
| 300 |
_a17 p. ; _c25 cm. |
||
| 999 |
_c33450 _d33450 |
||